00842nam a22002537a 450000500170000001000130001702000110003003500130004103700160005404000120007008200160008210000240009824500640012226000450018627000420023130000200027350000200029365000290031365000310034270000090037394200250038299900190040795201620042620170124110103.0 aB-030944 c250.00 aB-030944 bCen Lib/Ret aDPLbEN a954.09bMIS aMishra, D.P.913168 aPost- Nehru era :cby Tribhuvan Nath bpolitical memories / aNew DelhibHar-anand publications c2001 bNew DelhiaD-9 Anand niketan e110021 a148p.c20cm(Hb) aIncludes index  aPolitical science927624 aPoliticianszIndia 927625 98735 2ddccENh954.09mMIS c129866d129866 04104070aLbLd2015-07-07eCen Lib/Retg250.00l0o954.09 MISpB-030944r2015-07-07 00:00:00t1v250.00w2015-07-07yENzW/d List No. 3395/23:Dtd 07/04/21